| 000 | 00728cam a2200229 a 4500 | ||
|---|---|---|---|
| 003 | MX-MxUPN | ||
| 005 | 20240214063611.0 | ||
| 008 | 991125s1969 mx a r 000 0 spa u | ||
| 035 | _aUPN01000040045 | ||
| 040 |
_aMX-MxUPN _bspa |
||
| 050 | 4 |
_aL797 _bH47 1969 |
|
| 100 | 1 |
_aHernández Serrano, Federico _951013 |
|
| 100 | 1 |
_aCapdevila, Francisco Moreno, _d1926- _951014 |
|
| 245 | 1 | 0 | _aMontaje de una exposición escolar |
| 260 |
_aMéxico : _bMuseo Pedagógico, _c1969. |
||
| 300 |
_a38 páginas : _bilustraciones |
||
| 650 | 7 |
_aEducación _vExposiciones _2aat _915734 |
|
| 650 | 4 |
_aExposiciones educativas ambulantes _919311 |
|
| 650 | 4 |
_aMuseografía _95131 |
|
| 902 | _bVíctorGodínez/130224 | ||
| 942 |
_2lcc _cFOLL |
||
| 999 |
_c40045 _d40045 |
||